Možnosti hodnotenia výkonnosti manažmentu podielových fondov

Vývoj kolektívneho investovania v slovenských podmienkach. Výkonnosť manažmentu podielových fondov v SR súvisí s genézou ich vzniku, s genézou ich legislatívnej identifikácie, ktorá určuje rámec regulácie a kontroly ich činnosti. Vznik investičných fondov, resp. spoločností súvisel s kupónovou metód...

ver descrição completa

Na minha lista:
Detalhes bibliográficos
Autor principal: Miková, Oľga
Formato: Capítulo de Livro
Idioma:eslovaco
Assuntos:
Tags: Adicionar Tag
Sem tags, seja o primeiro a adicionar uma tag!

MARC

LEADER 00000naa$a2200000$$$4500
001 0022675
005 20221207121631.9
041 0 |a slo 
044 |a SK 
245 1 0 |a Možnosti hodnotenia výkonnosti manažmentu podielových fondov  |c Oľga Miková 
520 |a Vývoj kolektívneho investovania v slovenských podmienkach. Výkonnosť manažmentu podielových fondov v SR súvisí s genézou ich vzniku, s genézou ich legislatívnej identifikácie, ktorá určuje rámec regulácie a kontroly ich činnosti. Vznik investičných fondov, resp. spoločností súvisel s kupónovou metódou privatizácie.Výnosnosť fondu ako najdôležitejšie kritérium pri výbere fondu pre klienta. Termín hodnotenie výkonnosti manažmentu fondu. Základný ukazovateľ čistá hodnota aktív (Net Asset value). Zohľadňovanie rizika pri hodnotení výkonnosti fondu. Sharpeho pomer, Treynorov pomer a Jensenov prístup. Famova dekompozícia. 
610 2 0 |a investovanie kolektívne 
610 2 0 |a fondy investičné 
610 2 0 |a fondy podielové 
610 2 0 |a výnosnosť 
610 2 0 |a manažment 
610 2 0 |a výkonnosť 
610 2 0 |a ukazovatele 
610 2 0 |a hodnota 
610 2 0 |a aktíva 
610 2 0 |a riziko 
100 1 |a Miková, Oľga